banner-ar

المدرسة الجاذبة للطالب و كيفية القضاء على ظاهرة الغياب : (Record no. 63113)

MARC details
000 -الفاتح
حقل البيانات ثابتة الطول 01017nam a22002177a 4500
005 - وقت وتاريخ اخر تعامل مع التسجيلة
رقم الضبط 20240530110624.0
008 - عناصر البيانات ثابتة الطول - معلومات عامة
حقل البيانات ثابتة الطول 161231s2014 ua a g b 000 0 ara d
017 ## - رقم الايداع القانونى
رقم الايداع القانونى 2012/20459
المصدر ( الهيئة المختصة) مصر. دار الكتب
020 ## - الرقم الدولى المعيارى للكتب
الرقم الدولى المعيارى للكتاب 9789779001517
040 ## - مصدر الفهرسة
وكالة الفهرسة الأصلية EG-CaGPL
وكالة النسخ EG-CaGPL
082 04 - رقم تصنيف ديوى العشرى
رقم الطبعة 21
رقم التصنيف 371.89\
رقم المادة م م
100 0# - المدخل الرئيسى - إسم شخصى
الإسم الشخصى مجدى ابراهيم محمد ابراهيم .
245 12 - بيان العنوان
العنوان المدرسة الجاذبة للطالب و كيفية القضاء على ظاهرة الغياب :
بقية العنوان هذا البحث حائز على جائزة وزارة التربية و التعليم فى المسابقة الثقافية لعام 2012 م /
بيان المسئوليه,etc مجدى ابراهيم محمد ابراهيم .
250 ## - بيان الطبعة
بيان الطبعة ط.1
260 ## - PUBLICATION, DISTRIBUTION, ETC. (IMPRINT)
تاريخ النشر أو التوزيع 2014 .
300 ## - الوصف المادى
التعداد 111 ص ؛
أبعاد الوعاء 24 سم .
504 ## - تبصرة ببليوجرافية
تبصرة ببليوجرافية,الخ ببليوجرافية : ص 105 - 106
650 07 - المدخل الاضافى بالموضوع-مصطلح موضوعى
مصدر الرأس أو المصطلح qrmak
مصطلح موضوعي الموجه .
942 ## - عناصر المدخل الإضافي( كوها)
مصدر التصنيف او مخطط الترفيف Dewey Decimal Classification
Koha [default] item type كتاب
260 ## - PUBLICATION, DISTRIBUTION, ETC. (IMPRINT)
-- الاسكندرية :
-- دار الوفاء لدنيا الطباعة و النشر ،
Holdings
حالة التراجع حالة الفقد حالة تلف ليس للاعارة المكان المؤقت الموقع الحالى موقع الترفيف تاريخ الاكتساب اجمالي اﻻعارات رقم الطلب الباركود تاريخ اخر مشاهدة تاريخ تفعيل السعر نوع وعاء كوها
        مكتبة القاهرة الكبرى مكتبة القاهرة الكبرى القاعة الرئيسية 01/01/2017   371.89\ م م 163071 01/01/2017 01/01/2017 كتاب

Powered By

EGPV